[Event "Graz op"]
[Site "Graz"]
[Date "2006.09.16"]
[Round "1.2"]
[White "Wallner, Dieter"]
[Black "Balinov, Ilia"]
[Result "0-1"]
[WhiteElo "2151"]
[BlackElo "2454"]
[PlyCount "102"]
[EventDate "2006.09.16"]

1. e4 c5 2. Nf3 d6 3. d4 Nf6 4. Nc3 cxd4 5. Nxd4 e6 6. g4 h6 7. h4 Nc6 8. Rg1
d5 9. Bb5 Bd7 10. exd5 Nxd5 11. Nxd5 exd5 12. Qe2+ Be7 13. Nf5 Bxf5 14. gxf5
Kf8 15. Be3 Qa5+ 16. Bd2 Qb6 17. O-O-O Bf6 18. c3 d4 19. Bf4 Qc5 20. Rge1 Kg8
21. Bc4 Kh7 22. Bxf7 Qxf5 23. Qe4 Qxe4 24. Rxe4 Rhf8 25. Be6 dxc3 26. bxc3 Bxc3
27. Be3 Rad8 28. Rxd8 Rxd8 29. h5 g6 30. hxg6+ Kxg6 31. Rh4 Rh8 32. f4 h5 33.
f5+ Kf6 34. Rc4 Be5 35. Bd7 h4 36. Rg4 h3 37. Bg5+ Kf7 38. Be6+ Ke8 39. Bd5 h2
40. Rh4 Rxh4 41. Bxh4 Kd7 42. Kd2 b5 43. Bg2 a5 44. Kd3 Kd6 45. Ke4 a4 46. f6
Ke6 47. f7 Kxf7 48. Kd5 b4 49. Kc4 b3 50. axb3 a3 51. Bd5+ Kg7 0-1

[Event "Graz op"]
[Site "Graz"]
[Date "2006.09.16"]
[Round "1.5"]
[White "Brem, Stephan"]
[Black "Krumpacnik, Domen"]
[Result "0-1"]
[WhiteElo "2142"]
[BlackElo "2385"]
[PlyCount "58"]
[EventDate "2006.09.16"]

1. Nc3 d5 2. e4 Nf6 3. exd5 Nxd5 4. Bc4 c6 5. Qf3 Nf6 6. h3 g6 7. g4 Nbd7 8. d4
Nb6 9. Bb3 Bg7 10. Nge2 O-O 11. Bg5 a5 12. a3 Nfd5 13. O-O-O Be6 14. Ne4 a4 15.
Ba2 Nc7 16. d5 cxd5 17. Nc5 Qd6 18. Be3 Bc8 19. Nf4 Qf6 20. c3 g5 21. Qg3 gxf4
22. Bxf4 e5 23. Be3 Nc4 24. g5 Qg6 25. Bxc4 dxc4 26. h4 Qc6 27. f3 Nd5 28. Bf2
Nf4 29. h5 Ne2+ 0-1

[Event "Graz op"]
[Site "Graz"]
[Date "2006.09.16"]
[Round "1.7"]
[White "Hatzl, Johannes"]
[Black "Zupe, Miran"]
[Result "1/2-1/2"]
[WhiteElo "2113"]
[BlackElo "2378"]
[PlyCount "33"]
[EventDate "2006.09.16"]

1. e4 c5 2. c3 e6 3. d4 d5 4. exd5 exd5 5. Be3 c4 6. b3 cxb3 7. axb3 Nf6 8. Bd3
Nc6 9. h3 Bd6 10. Qf3 O-O 11. Ne2 Re8 12. Nd2 h6 13. O-O Be6 14. Ng3 Nh7 15.
Nf5 Bf8 16. Bf4 Qd7 17. Ne3 1/2-1/2

[Event "Graz op"]
[Site "Graz"]
[Date "2006.09.16"]
[Round "1.8"]
[White "Wittmann, Walter"]
[Black "Kopinits, Anna-Christina"]
[Result "1/2-1/2"]
[WhiteElo "2361"]
[BlackElo "2096"]
[PlyCount "112"]
[EventDate "2006.09.16"]

1. e4 c5 2. Nf3 Nc6 3. d4 cxd4 4. Nxd4 Nf6 5. Nc3 e5 6. Ndb5 d6 7. Bg5 a6 8.
Na3 b5 9. Nd5 Be7 10. Bxf6 Bxf6 11. c4 b4 12. Nc2 a5 13. g3 Bg5 14. Bg2 O-O 15.
O-O Be6 16. b3 Ne7 17. Nde3 Qb6 18. Qd3 Bxe3 19. Nxe3 Rac8 20. Rad1 Rfd8 21.
Kh1 f6 22. f4 Nc6 23. Nc2 Qc5 24. Bf3 a4 25. Ne3 Nd4 26. Bg4 Bxg4 27. Nxg4 axb3
28. axb3 Ra8 29. Rd2 h5 30. Nf2 Ra3 31. Rb2 Rda8 32. Kg2 Ra2 33. Rfb1 Qa7 34.
Qd1 Rxb2 35. Rxb2 Qf7 36. f5 Ra3 37. h3 g6 38. Qd2 Rxb3 39. Rxb3 Nxb3 40. fxg6
Qxc4 41. Qh6 Qc7 42. Qxh5 Nd4 43. h4 b3 44. Ng4 Qg7 45. Nh6+ Kf8 46. Nf5 Nxf5
47. Qxf5 Qb7 48. Qxf6+ Kg8 49. g7 Qxg7 50. Qxd6 Qb7 51. Qg6+ Kf8 52. Qf6+ Ke8
53. Qe6+ Kd8 54. Qd6+ Kc8 55. Qe6+ Kc7 56. Qxe5+ Kd7 1/2-1/2

[Event "Graz op"]
[Site "Graz"]
[Date "2006.09.16"]
[Round "1.9"]
[White "Cojhter, Karel"]
[Black "Diermair, Andreas"]
[Result "1/2-1/2"]
[WhiteElo "2089"]
[BlackElo "2357"]
[PlyCount "71"]
[EventDate "2006.09.16"]

1. e4 e5 2. Nf3 Nc6 3. d4 exd4 4. Nxd4 Nf6 5. Nxc6 bxc6 6. Nc3 d5 7. exd5 cxd5
8. Bb5+ Bd7 9. O-O Be7 10. Bg5 c6 11. Bd3 O-O 12. Qf3 Rb8 13. b3 Bd6 14. h3 Be5
15. Bd2 Re8 16. Rad1 Qc7 17. Rfe1 Rbd8 18. b4 a5 19. a3 axb4 20. axb4 Ra8 21.
Ne2 Qb7 22. Ng3 Qb8 23. Nf5 Ra3 24. Re3 Ne4 25. Bc1 Ra1 26. Bxe4 dxe4 27. Rxe4
Bxf5 28. Qxf5 g6 29. Qf3 Bh2+ 30. Kh1 Rxe4 31. Qxe4 Bf4 32. Qe1 Bxc1 33. Rxc1
Rxc1 34. Qxc1 Qxb4 35. c4 Qc5 36. Qb1 1/2-1/2

[Event "Graz op"]
[Site "Graz"]
[Date "2006.09.16"]
[Round "1.10"]
[White "Aschenbrenner, Robert"]
[Black "Kainrath, Florian"]
[Result "1-0"]
[WhiteElo "2280"]
[BlackElo "2080"]
[PlyCount "65"]
[EventDate "2006.09.16"]

1. c4 Nf6 2. g3 g6 3. Bg2 Bg7 4. Nc3 c5 5. e3 O-O 6. Nge2 d6 7. O-O Nc6 8. b3
Bf5 9. d4 Qc8 10. Re1 e5 11. dxc5 dxc5 12. Ba3 Rd8 13. Nd5 Nxd5 14. cxd5 e4 15.
Rc1 Ne5 16. Rxc5 Qd7 17. Nc3 b6 18. Rb5 Nf3+ 19. Bxf3 Bxc3 20. Be2 Bxe1 21.
Qxe1 a6 22. Bb2 Rac8 23. Rxb6 Qxd5 24. Bd4 Rc2 25. g4 Be6 26. h3 Rdc8 27. Bc4
R2xc4 28. bxc4 Qxc4 29. Qa5 Qc1+ 30. Kg2 Qd1 31. Rb2 Qf3+ 32. Kh2 f6 33. Qe1
1-0

[Event "Graz op"]
[Site "Graz"]
[Date "2006.09.16"]
[Round "1.12"]
[White "Zakharchenko, Arnold"]
[Black "Spelec, Darko"]
[Result "1-0"]
[WhiteElo "2275"]
[BlackElo "2063"]
[PlyCount "83"]
[EventDate "2006.09.16"]

1. d4 Nf6 2. c4 e6 3. Nc3 Bb4 4. e3 Bxc3+ 5. bxc3 O-O 6. Bd3 d6 7. Ne2 c5 8.
O-O Nc6 9. e4 e5 10. d5 Ne7 11. Ng3 Ng6 12. Nf5 h6 13. Qf3 Nh7 14. g3 Bxf5 15.
Qxf5 Qf6 16. Rb1 b6 17. a4 Rab8 18. Kg2 Rfe8 19. Re1 Qd8 20. Re2 Ne7 21. Qh3
Qc8 22. Qxc8 Nxc8 23. a5 Re7 24. Reb2 Nf8 25. Kf3 Ng6 26. Bf1 Reb7 27. Bh3 Nge7
28. Ke2 Kf8 29. f4 f6 30. a6 Rc7 31. Be6 Ng6 32. f5 Nh8 33. Be3 Nf7 34. Kd3 Nd8
35. g4 Ne7 36. h4 Nxe6 37. fxe6 Ng8 38. g5 h5 39. Rf2 Ke7 40. Rg1 Rcc8 41.
gxf6+ gxf6 42. Rfg2 1-0

[Event "Graz op"]
[Site "Graz"]
[Date "2006.09.16"]
[Round "1.14"]
[White "Webersberger, Johann"]
[Black "Brunner, Gerhard"]
[Result "1-0"]
[WhiteElo "2264"]
[BlackElo "2027"]
[PlyCount "115"]
[EventDate "2006.09.16"]

1. e4 d6 2. Nc3 e5 3. Nf3 Nf6 4. d4 exd4 5. Nxd4 Be7 6. Bf4 O-O 7. Qd2 d5 8.
Ndb5 c6 9. Nc7 d4 10. O-O-O Nh5 11. Qxd4 Qxd4 12. Rxd4 Nxf4 13. Nxa8 Ne6 14.
Rd1 b6 15. Bc4 Bb7 16. Bxe6 fxe6 17. Nc7 Bc8 18. f3 Bd8 19. N7b5 cxb5 20. Nxb5
a6 21. Nd6 Bd7 22. Kb1 Bc7 23. Rd3 Nc6 24. Rhd1 Ne5 25. Rc3 Bb8 26. Nc4 Bb5 27.
Nxb6 Ba7 28. Nc8 Bb8 29. Nd6 Rd8 30. Rc8 Rxc8 31. Nxc8 Nf7 32. h3 Kf8 33. b3
Ke8 34. a4 Be2 35. Re1 Kd8 36. Nb6 Kc7 37. Na8+ Kb7 38. Rxe2 Kxa8 39. b4 Kb7
40. Kb2 Kc6 41. Kb3 e5 42. Rd2 Bd6 43. c4 Bb8 44. b5+ axb5 45. axb5+ Kc7 46. c5
Kc8 47. Kc4 Nd8 48. c6 Ne6 49. b6 Nd4 50. Rxd4 exd4 51. c7 Bxc7 52. bxc7 Kxc7
53. Kxd4 Kd6 54. e5+ Ke6 55. g4 g5 56. Ke4 h6 57. f4 gxf4 58. Kxf4 1-0

[Event "Graz op"]
[Site "Graz"]
[Date "2006.09.16"]
[Round "1.15"]
[White "Dobay, Klaus"]
[Black "Loidl, Florian"]
[Result "0-1"]
[WhiteElo "2004"]
[BlackElo "2233"]
[PlyCount "180"]
[EventDate "2006.09.16"]

1. f4 e5 2. fxe5 Nc6 3. Nf3 f6 4. e6 d5 5. d4 Bxe6 6. Bf4 Nge7 7. e3 Ng6 8. c3
Nxf4 9. exf4 Bd6 10. g3 Qe7 11. Qe2 O-O-O 12. Nbd2 Rhe8 13. O-O-O a6 14. Bg2
Qd7 15. Nb3 Bg4 16. Qd2 Ne7 17. h3 Bh5 18. Rde1 Qa4 19. Kb1 Bg6+ 20. Ka1 Bf7
21. Nh4 b6 22. Nc1 c5 23. Nf3 g6 24. h4 Kc7 25. Bh3 c4 26. Qd1 Qc6 27. Rh2 h5
28. Rhe2 Ng8 29. Be6 Bxe6 30. Rxe6 Qd7 31. Rxe8 Rxe8 32. Rxe8 Qxe8 33. Qe2 Qxe2
34. Nxe2 Kd7 35. Kb1 Ke6 36. Kc1 Kf5 37. Kd2 Nh6 38. Nh2 Ke4 39. Ng1 Nf5 40.
Ne2 Ne3 41. Ng1 b5 42. Ke2 Nf5 43. Nf1 Nh6 44. Nd2+ Kf5 45. Kf3 Ng4 46. Ne2 Ke6
47. Nf1 Kf5 48. Nd2 Nh6 49. Nf1 a5 50. Ne3+ Ke6 51. Nc1 b4 52. Ne2 Nf5 53. Nf1
Bc7 54. Nd2 Bb6 55. Kf2 a4 56. Kf3 a3 57. bxa3 bxc3 58. Nxc3 Nxd4+ 59. Kg2 Ba5
60. Ndb1 Nc2 61. Kf2 d4 62. Ne4 Bb6 63. Ke2 Ne3 64. a4 Nd5 65. a3 d3+ 66. Kd2
Be3+ 67. Kd1 Bd4 68. Kd2 Kd7 69. a5 f5 70. Ng5 Nf6 71. Nf3 Ne4+ 72. Kd1 Bf6 73.
Nbd2 c3 74. Nc4 Kc7 75. Nfe5 Kb7 76. Nxd3 Nxg3 77. Nde5 Bxh4 78. Nxg6 Bf6 79.
Nce5 h4 80. Nf3 h3 81. Nh2 Bd8 82. Ne5 Bxa5 83. Nd3 Ne4 84. Kc2 Bb6 85. Ne5 Bg1
86. Nef3 Be3 87. Nf1 Bxf4 88. Nh4 Nd2 89. Kxc3 Nxf1 90. Nf3 Nd2 0-1

[Event "Graz op"]
[Site "Graz"]
[Date "2006.09.16"]
[Round "1.17"]
[White "Granabetter, Josef"]
[Black "Fauland, Peter"]
[Result "0-1"]
[WhiteElo "1996"]
[BlackElo "2216"]
[PlyCount "88"]
[EventDate "2006.09.16"]

1. e4 c5 2. Nf3 e6 3. d4 cxd4 4. Nxd4 a6 5. c4 d6 6. Nc3 Nc6 7. Be2 Nf6 8. O-O
Be7 9. Be3 O-O 10. f4 e5 11. Nxc6 bxc6 12. fxe5 dxe5 13. Qc2 Ng4 14. Bxg4 Bxg4
15. h3 Be6 16. Na4 Rb8 17. Rad1 Qa5 18. b3 Rfd8 19. Qf2 Rxd1 20. Rxd1 Rd8 21.
Rxd8+ Qxd8 22. Qd2 Qc7 23. Bc5 f5 24. Bb6 Qb7 25. exf5 Bxf5 26. Qe3 Bf6 27. g4
Bg6 28. g5 Be7 29. Qxe5 Qd7 30. Bd4 Bd6 31. Qe3 Qf5 32. Nc5 Qb1+ 33. Kg2 Qxa2+
34. Qf2 Qb1 35. Qe2 Qf5 36. Qe6+ Qxe6 37. Nxe6 Bc2 38. c5 Bxb3 39. Nxg7 Bf4 40.
h4 a5 41. Kf3 Bc1 42. Nf5 a4 43. Ne7+ Kf7 44. Nxc6 Bd5+ 0-1

[Event "Graz op"]
[Site "Graz"]
[Date "2006.09.16"]
[Round "1.18"]
[White "Wanderer, Thomas"]
[Black "Neuberger, Marco"]
[Result "1-0"]
[WhiteElo "2206"]
[BlackElo "1958"]
[PlyCount "59"]
[EventDate "2006.09.16"]

1. e4 c5 2. Nc3 Nc6 3. g3 g6 4. Bg2 Bg7 5. d3 Rb8 6. Be3 b5 7. Qd2 b4 8. Nd1 d6
9. f4 Bd7 10. Nf3 Qc7 11. O-O Nf6 12. h3 O-O 13. f5 Ne5 14. Nxe5 dxe5 15. b3
Ne8 16. g4 Nd6 17. a4 bxa3 18. Nc3 Nb5 19. Nxb5 Bxb5 20. Rxa3 Rfd8 21. Qf2 Rdc8
22. h4 Rb7 23. h5 Qd6 24. fxg6 fxg6 25. Qf7+ Kh8 26. h6 Rg8 27. hxg7+ Rxg7 28.
Qf8+ Rg8 29. Bh6 e6 30. Qxd6 1-0

[Event "Graz op"]
[Site "Graz"]
[Date "2006.09.16"]
[Round "1.19"]
[White "Zechner, Andrea"]
[Black "Zoebisch, Herbert"]
[Result "1/2-1/2"]
[WhiteElo "1884"]
[BlackElo "2194"]
[PlyCount "55"]
[EventDate "2006.09.16"]

1. d4 d5 2. c4 dxc4 3. Nf3 Nf6 4. Nc3 a6 5. a4 Nc6 6. e3 Na5 7. Ne5 Be6 8. Be2
c6 9. O-O g6 10. f4 Bg7 11. Bf3 O-O 12. Qe2 Qc7 13. Bd2 Rad8 14. Rad1 c5 15. d5
Bd7 16. Nxc4 Nxc4 17. Qxc4 Ne8 18. e4 Nd6 19. Qe2 b5 20. axb5 Nxb5 21. Qf2 Nd4
22. Be3 Rb8 23. e5 Qb6 24. Rb1 Bf5 25. Be4 Bxe4 26. Nxe4 Rfd8 27. Nxc5 Qxc5 28.
Bxd4 1/2-1/2

[Event "Graz op"]
[Site "Graz"]
[Date "2006.09.17"]
[Round "2.1"]
[White "Webersberger, Johann"]
[Black "Shengelia, Davit"]
[Result "0-1"]
[WhiteElo "2264"]
[BlackElo "2490"]
[PlyCount "56"]
[EventDate "2006.09.16"]

1. d4 c6 2. c4 g6 3. Nf3 Bg7 4. Nc3 d6 5. e4 Bg4 6. Be3 Nd7 7. Qd2 e5 8. Be2
Ngf6 9. O-O O-O 10. h3 Bxf3 11. Bxf3 a6 12. d5 c5 13. a3 Ne8 14. Be2 f5 15. f4
Bh6 16. exf5 gxf5 17. Bd3 Ng7 18. Ne2 Qh4 19. Rf2 Nh5 20. Raf1 e4 21. Bc2 Kh8
22. b4 b6 23. bxc5 bxc5 24. Rb1 Rg8 25. Kf1 Ng3+ 26. Nxg3 Rxg3 27. Rb7 Nf6 28.
Ke1 Rxg2 0-1

[Event "Graz op"]
[Site "Graz"]
[Date "2006.09.17"]
[Round "2.2"]
[White "Balinov, Ilia"]
[Black "Schuurman, Petra"]
[Result "1-0"]
[WhiteElo "2454"]
[BlackElo "2219"]
[PlyCount "129"]
[EventDate "2006.09.16"]

1. c4 e6 2. g3 Nf6 3. Bg2 d5 4. Nf3 dxc4 5. Qa4+ Bd7 6. Qxc4 Bc6 7. O-O Qd5 8.
Qxd5 Bxd5 9. d3 b6 10. Bf4 Na6 11. Nc3 Bb7 12. Nb5 Nd5 13. Nd2 Kd7 14. Nc4 f6
15. Ne3 g5 16. Nxd5 Bxd5 17. Bxd5 exd5 18. Bd2 c6 19. Nd4 Re8 20. Rfe1 Bc5 21.
Nf5 Bb4 22. Rad1 Bxd2 23. Rxd2 Re5 24. g4 Nc7 25. Rc1 Nb5 26. Rdc2 Rc8 27. b4
h5 28. h3 hxg4 29. hxg4 Na3 30. Rc3 Nb5 31. R3c2 Na3 32. Rb2 Nb5 33. e3 Nd6 34.
Nd4 c5 35. bxc5 bxc5 36. Nb3 c4 37. Nc5+ Kc6 38. Na6 Kd7 39. Nc5+ Kc6 40. Na6
Kd7 41. Rc3 cxd3 42. Rxd3 Rc4 43. f3 f5 44. gxf5 Rxf5 45. Kg2 g4 46. f4 d4 47.
exd4 Rxf4 48. Nc5+ Kc6 49. Ne6 Rf5 50. Kg3 Rb5 51. Re2 Rd5 52. Kxg4 Nb5 53. Re4
Nc3 54. Rf4 Ne2 55. Rf6 Nxd4 56. Nxd4+ Kd7 57. Rf7+ Kd6 58. Rf6+ Kd7 59. Rf7+
Kd6 60. Rf4 Kd7 61. Kf3 Rc1 62. Ke4 Rd6 63. Rf7+ Ke8 64. Rxa7 Re1+ 65. Re3 1-0

[Event "Graz op"]
[Site "Graz"]
[Date "2006.09.17"]
[Round "2.3"]
[White "Krumpacnik, Domen"]
[Black "Wanderer, Thomas"]
[Result "1-0"]
[WhiteElo "2385"]
[BlackElo "2206"]
[PlyCount "81"]
[EventDate "2006.09.16"]

1. d4 Nf6 2. c4 e6 3. Nc3 Bb4 4. Bg5 d5 5. e3 O-O 6. Qb3 Bxc3+ 7. bxc3 Nbd7 8.
Nf3 h6 9. Bh4 c6 10. Bd3 Qa5 11. O-O Re8 12. cxd5 Nxd5 13. Rac1 e5 14. Bf5 exd4
15. cxd4 Nf4 16. Qc2 Ne2+ 17. Qxe2 Qxf5 18. Rfe1 Nf6 19. Rc5 Nd5 20. e4 Nf4 21.
Qe3 Qg4 22. Bg3 Nd5 23. Qd3 Nf4 24. Qd1 Ng6 25. h3 Qd7 26. d5 cxd5 27. exd5 b6
28. Rc7 Qd8 29. d6 Bd7 30. Rxe8+ Qxe8 31. Qd5 Nf8 32. Ne5 Rd8 33. Rxa7 Qe6 34.
Qd4 f6 35. Nd3 Bc6 36. Rc7 Ba8 37. a4 Nd7 38. Nf4 Qe1+ 39. Kh2 Ne5 40. Qc3 Qf1
41. Rc8 1-0

[Event "Graz op"]
[Site "Graz"]
[Date "2006.09.17"]
[Round "2.4"]
[White "Loidl, Florian"]
[Black "Pilaj, Herwig"]
[Result "0-1"]
[WhiteElo "2233"]
[BlackElo "2380"]
[PlyCount "80"]
[EventDate "2006.09.16"]

1. e4 c5 2. Nf3 e6 3. d4 cxd4 4. Nxd4 Nc6 5. Nxc6 bxc6 6. Bd3 Nf6 7. O-O d5 8.
Nc3 Be7 9. Bg5 Nxe4 10. Bxe7 Nxc3 11. Qg4 Kxe7 12. bxc3 Kf8 13. Rab1 Qd6 14.
Rfe1 c5 15. Qh4 Qe7 16. Qg3 c4 17. Bxc4 Bb7 18. Bb3 Rc8 19. Re3 h6 20. Rd1 Kg8
21. f4 Qf6 22. Re5 Kh7 23. Qd3+ Qg6 24. Qd4 Rc7 25. Rd3 Rhc8 26. Rh3 a5 27. Rg5
Qf6 28. Qxf6 gxf6 29. Rgh5 Rxc3 30. Rxh6+ Kg7 31. Rh7+ Kf8 32. R3h6 Ke7 33. Rg7
Bc6 34. a4 d4 35. Rhh7 d3 36. Rxf7+ Kd6 37. cxd3 Rxb3 38. Rxf6 Rb2 39. f5 Bd5
40. fxe6 Rc1+ 0-1

[Event "Graz op"]
[Site "Graz"]
[Date "2006.09.17"]
[Round "2.6"]
[White "Kokol, Peter"]
[Black "Zakharchenko, Arnold"]
[Result "0-1"]
[WhiteElo "2165"]
[BlackElo "2275"]
[PlyCount "84"]
[EventDate "2006.09.16"]

1. e4 c5 2. Nf3 Nc6 3. d4 cxd4 4. Nxd4 g6 5. Nc3 Bg7 6. Be3 Nf6 7. Nxc6 bxc6 8.
e5 Ng8 9. f4 f6 10. Bd4 Qa5 11. Qe2 c5 12. Qe4 Rb8 13. Qd5 fxe5 14. Bxe5 Nf6
15. Qf3 d6 16. Bc4 Bg4 17. Qc6+ Bd7 18. Qf3 Qb4 19. b3 dxe5 20. fxe5 Bg4 21.
Qc6+ Bd7 22. Qf3 Bg4 23. Qc6+ Nd7 24. O-O Qxc3 25. Bf7+ Kd8 26. e6 Qd4+ 27. Kh1
Qd6 28. Qa4 Bxa1 29. Qxg4 Ne5 30. Qe2 Bd4 31. Rd1 Kc7 32. c3 Rhd8 33. cxd4 cxd4
34. Rc1+ Kb6 35. a4 d3 36. a5+ Kxa5 37. b4+ Rxb4 38. Ra1+ Kb6 39. Qa2 Nc6 40.
Qa6+ Kc7 41. Rc1 d2 42. Qxa7+ Rb7 0-1

[Event "Graz op"]
[Site "Graz"]
[Date "2006.09.17"]
[Round "2.7"]
[White "Schnider, Gert"]
[Black "Nickl, Klaus"]
[Result "1-0"]
[WhiteElo "2270"]
[BlackElo "2181"]
[PlyCount "127"]
[EventDate "2006.09.16"]

1. e4 c6 2. d4 g6 3. c4 d5 4. cxd5 cxd5 5. e5 Bg7 6. Nc3 Nc6 7. h3 f6 8. exf6
Nxf6 9. Nf3 O-O 10. Bd3 Ne4 11. Nxe4 dxe4 12. Bxe4 Nxd4 13. O-O Nxf3+ 14. Bxf3
Qxd1 15. Rxd1 Be6 16. Re1 Kf7 17. Bg5 Rac8 18. Re2 Rc5 19. Bh4 Re5 20. Rae1
Rxe2 21. Rxe2 b6 22. Bg4 Bxg4 23. Rxe7+ Kg8 24. hxg4 a5 25. b3 Bd4 26. Bg3 Rc8
27. Rc7 Rd8 28. Rc2 Bc5 29. Kf1 Rd4 30. f3 a4 31. bxa4 Rxa4 32. Bf2 Kf7 33. Re2
h6 34. Bxc5 bxc5 35. Kf2 Ra3 36. Kg3 c4 37. Kf4 Kf6 38. Rc2 Ra4 39. Ke4 Ke6 40.
Kd4 Kd6 41. Rb2 Kc6 42. Re2 Kd6 43. Rd2 Kc6 44. Rb2 g5 45. Re2 Kd6 46. Rc2 Ke6
47. Kc5 Ke5 48. Kb5 Ra8 49. Kxc4 Kf4 50. Re2 Kg3 51. Kb5 Rb8+ 52. Kc6 Ra8 53.
Kd6 Ra3 54. Ke6 Ra8 55. Kf6 Ra6+ 56. Kg7 Kh2 57. a4 Rxa4 58. Kxh6 Ra5 59. Kg6
Kg3 60. Re8 Kh4 61. Rh8+ Kg3 62. Rf8 Kh4 63. g3+ Kxg3 64. Rf5 1-0

[Event "Graz op"]
[Site "Graz"]
[Date "2006.09.17"]
[Round "2.9"]
[White "Kopinits, Anna-Christina"]
[Black "Danner, Georg"]
[Result "1/2-1/2"]
[WhiteElo "2096"]
[BlackElo "2411"]
[PlyCount "131"]
[EventDate "2006.09.16"]

1. e4 c5 2. Nf3 d6 3. d4 Nf6 4. Nc3 cxd4 5. Nxd4 Nc6 6. Bg5 e6 7. Qd2 Be7 8.
O-O-O Nxd4 9. Qxd4 O-O 10. e5 dxe5 11. Qxe5 Bd7 12. Qg3 Nh5 13. Bxe7 Qxe7 14.
Qc7 Rfd8 15. Qxb7 Rab8 16. Qxa7 Qb4 17. Rxd7 Qxb2+ 18. Kd2 Qb6 19. Bd3 Rxd7 20.
Qxd7 Nf6 21. Qa4 Qxf2+ 22. Ne2 e5 23. Rb1 Rd8 24. Qa5 Ne4+ 25. Kd1 Qf1+ 26. Qe1
Qxg2 27. Kc1 Qg5+ 28. Kb2 Nc5 29. Bc4 e4 30. a3 g6 31. Qb4 e3 32. Rf1 Qe5+ 33.
Ka2 Rd7 34. a4 Ne4 35. Qb5 Qc7 36. Ka3 Nd6 37. Bxf7+ Nxf7 38. Qb3 Qc5+ 39. Ka2
Qe5 40. Rf3 Re7 41. h4 Kg7 42. Qb2 Nd6 43. Rf4 Nf5 44. a5 Kf6 45. Ra4 Qxb2+ 46.
Kxb2 Ke5 47. a6 Ra7 48. Kc3 Kd5 49. h5 gxh5 50. Kd3 h4 51. Ra5+ Ke6 52. Nf4+
Kf6 53. Nd5+ Ke6 54. Nxe3 Ng3 55. Ng2 h3 56. Nf4+ Kd6 57. Nxh3 Kc6 58. Rg5 Rd7+
59. Kc4 Ne4 60. Rh5 Nd6+ 61. Kb4 Kb6 62. Rh6 Kxa6 63. Kc5 Ka5 64. Rxd6 Rxd6 65.
Kxd6 Kb4 66. Ke5 1/2-1/2

[Event "Graz op"]
[Site "Graz"]
[Date "2006.09.17"]
[Round "2.11"]
[White "Zupe, Miran"]
[Black "Cojhter, Karel"]
[Result "1-0"]
[WhiteElo "2378"]
[BlackElo "2089"]
[PlyCount "93"]
[EventDate "2006.09.16"]

1. e4 c6 2. d4 d5 3. Nc3 dxe4 4. Nxe4 Nd7 5. Bc4 Ngf6 6. Ng5 e6 7. Qe2 Nb6 8.
Bb3 h6 9. N5f3 c5 10. dxc5 Bxc5 11. Ne5 O-O 12. Ngf3 a5 13. a3 a4 14. Ba2 Nbd7
15. O-O Nxe5 16. Nxe5 Qc7 17. Bf4 Bd6 18. Rad1 Ra5 19. Rfe1 Rc5 20. c3 b5 21.
Rxd6 Qxd6 22. Ng6 Qd8 23. Nxf8 Qxf8 24. Be3 Rh5 25. Bd4 Qd6 26. h3 Rg5 27. Be5
Qc6 28. f4 Rg3 29. Kh2 Nh5 30. Rd1 Bb7 31. Rd8+ Kh7 32. Bb1+ f5 33. Rd2 Rg6 34.
Bd3 Ng3 35. Bxb5 Nxe2 36. Bxc6 Bxc6 37. Rxe2 h5 38. h4 Kg8 39. Rd2 Bd5 40. g3
Kf7 41. Rd4 Bb3 42. Rd7+ Ke8 43. Rc7 Kd8 44. Ra7 Kc8 45. c4 Rh6 46. c5 Bd5 47.
c6 1-0

[Event "Graz op"]
[Site "Graz"]
[Date "2006.09.17"]
[Round "2.12"]
[White "Papakonstantinou, Spyridon"]
[Black "Wittmann, Walter"]
[Result "1/2-1/2"]
[WhiteElo "2147"]
[BlackElo "2361"]
[PlyCount "26"]
[EventDate "2006.09.16"]

1. d4 Nf6 2. c4 g6 3. Nc3 Bg7 4. e4 d6 5. f3 O-O 6. Bg5 a6 7. Qd2 c5 8. d5 Qa5
9. a4 e6 10. Nge2 exd5 11. cxd5 Nbd7 12. Ng3 Re8 13. Be2 b5 1/2-1/2

[Event "Graz op"]
[Site "Graz"]
[Date "2006.09.17"]
[Round "2.13"]
[White "Diermair, Andreas"]
[Black "Sarre, Sascha"]
[Result "1-0"]
[WhiteElo "2357"]
[BlackElo "2080"]
[PlyCount "85"]
[EventDate "2006.09.16"]

1. e4 c5 2. Nf3 Nc6 3. d4 cxd4 4. Nxd4 e5 5. Nb5 d6 6. N1c3 a6 7. Na3 b5 8. Nd5
Nge7 9. c4 Nd4 10. cxb5 Nxd5 11. exd5 Qh4 12. Be3 Nf5 13. Nc2 Be7 14. Bd3 Nxe3
15. Nxe3 O-O 16. O-O f5 17. g3 Qh3 18. Re1 f4 19. Bf1 Qh6 20. Ng2 f3 21. Nf4
Bg5 22. Ne6 Bxe6 23. dxe6 Qxe6 24. bxa6 e4 25. Qd4 d5 26. Rad1 Rad8 27. b3 e3
28. Rxe3 Bxe3 29. Qxe3 Qf5 30. Rd3 g5 31. h3 h5 32. a7 g4 33. a8=Q Rxa8 34.
Rxd5 Qxd5 35. Bc4 Qxc4 36. bxc4 gxh3 37. Qg5+ Kf7 38. Qxh5+ Ke7 39. Qe5+ Kd7
40. Qd5+ Kc7 41. Kh2 Rad8 42. Qc5+ Kb7 43. a4 1-0

[Event "Graz op"]
[Site "Graz"]
[Date "2006.09.17"]
[Round "2.14"]
[White "Schachinger, Mario"]
[Black "Zechner, Andrea"]
[Result "1-0"]
[WhiteElo "2277"]
[BlackElo "1884"]
[PlyCount "111"]
[EventDate "2006.09.16"]

1. e4 c6 2. d4 d5 3. Nc3 dxe4 4. Nxe4 Nd7 5. Ng5 Ngf6 6. Bd3 e6 7. N1f3 Bd6 8.
Qe2 h6 9. Ne4 Nxe4 10. Qxe4 Nf6 11. Qe2 Qc7 12. Bd2 b6 13. O-O-O Bb7 14. Kb1
O-O-O 15. c4 c5 16. Bc3 Rhe8 17. Rhe1 Kb8 18. Ne5 cxd4 19. Bxd4 Bb4 20. Bc3
Bxc3 21. bxc3 Re7 22. f4 Nd7 23. Qg4 Nxe5 24. fxe5 Red7 25. Bc2 Rxd1+ 26. Bxd1
Rd2 27. Qxg7 Qxc4 28. Qf8+ Bc8 29. Bc2 Qxc3 30. Rc1 Qxe5 31. Qxh6 Rxg2 32. h4
Qb5+ 33. Bb3 Qd3+ 34. Bc2 Qb5+ 35. Bb3 Qe5 36. Bc2 Qg7 37. Qe3 Bb7 38. h5 Qg5
39. Qc3 Qb5+ 40. Ka1 Qxh5 41. Be4 Rxa2+ 42. Kxa2 Qe2+ 43. Bc2 Bd5+ 44. Kb2 Qb5+
45. Bb3 Qd7 46. Qd3 Qd6 47. Qd4 Kb7 48. Rd1 Kc6 49. Bxd5+ exd5 50. Rf1 Qd7 51.
Qa4+ b5 52. Qa6+ Kc5 53. Rc1+ Kd4 54. Qf6+ Kd3 55. Qf3+ Kd4 56. Qf4+ 1-0

[Event "Graz op"]
[Site "Graz"]
[Date "2006.09.17"]
[Round "2.16"]
[White "Bergen, Klaus"]
[Black "Wallner, Dieter"]
[Result "0-1"]
[WhiteElo "1997"]
[BlackElo "2151"]
[PlyCount "128"]
[EventDate "2006.09.16"]

1. e4 e5 2. Nf3 Nc6 3. Bb5 a6 4. Ba4 Nf6 5. d3 b5 6. Bb3 Be7 7. c3 O-O 8. O-O
d6 9. Re1 Na5 10. Bc2 c5 11. Nbd2 Qc7 12. Nf1 Nc6 13. Ng3 Re8 14. h3 h6 15. Nh2
d5 16. Qf3 Be6 17. Nf5 Bxf5 18. Qxf5 dxe4 19. dxe4 Rad8 20. Qf3 c4 21. Nf1 Qd6
22. Ng3 Bf8 23. Nf5 Qe6 24. b4 Kh7 25. a4 g6 26. Ng3 Bg7 27. Be3 Kg8 28. Rad1
Rxd1 29. Rxd1 Rd8 30. Rxd8+ Nxd8 31. Qd1 Qd7 32. Qa1 Ne6 33. axb5 axb5 34. Qa6
h5 35. Ne2 h4 36. Qa1 Kh7 37. Qc1 Nh5 38. Qd1 Qxd1+ 39. Bxd1 Bh6 40. Bxh6 Kxh6
41. Kf1 Nf6 42. Bc2 Ng5 43. f3 Ne6 44. Kf2 Nh5 45. Nc1 Ng3 46. Bb1 Kg5 47. Bc2
Kf4 48. Bb1 Nd8 49. Bc2 Nh1+ 50. Ke2 Nb7 51. Bb1 Kg3 52. Kf1 Kf4 53. Ke2 Ng3+
54. Kf2 Nd6 55. Bc2 f5 56. exf5 gxf5 57. Bb1 e4 58. Bc2 exf3 59. gxf3 Nc8 60.
Bb1 Nb6 61. Ne2+ Nxe2 62. Kxe2 Nd5 63. Kd2 Ke5 64. Bc2 Nf4 0-1

[Event "Graz op"]
[Site "Graz"]
[Date "2006.09.17"]
[Round "2.17"]
[White "Neuberger, Marco"]
[Black "Brem, Stephan"]
[Result "0-1"]
[WhiteElo "1958"]
[BlackElo "2142"]
[PlyCount "92"]
[EventDate "2006.09.16"]

1. e4 c5 2. f4 d5 3. exd5 Nf6 4. Bb5+ Bd7 5. Bxd7+ Qxd7 6. c4 e6 7. Qe2 Bd6 8.
dxe6 fxe6 9. d3 O-O 10. Nf3 Nc6 11. Nc3 e5 12. f5 Nd4 13. Nxd4 exd4 14. Ne4
Rae8 15. O-O Nxe4 16. dxe4 Rxf5 17. Re1 Qe7 18. Qd3 Re5 19. Bf4 Re6 20. Bxd6
Qxd6 21. Re2 Qe7 22. Rae1 Re5 23. Qb3 Qc7 24. Qf3 Rf8 25. Qg3 a6 26. Qd3 Qc6
27. b4 b6 28. Rc2 Rfe8 29. Rce2 h6 30. bxc5 bxc5 31. Qf3 Rf8 32. Qg3 Qe6 33.
Qd3 Rb8 34. a3 Qb6 35. Qg3 Rbe8 36. Qd3 Rb8 37. Qg3 Qe6 38. Rf2 Re8 39. Rfe2
Qxc4 40. Qg6 Qe6 41. Qg3 c4 42. Qf2 d3 43. Re3 Qd6 44. Qg3 Qd4 45. Kf1 Rxe4 46.
Rxe4 Rxe4 0-1

[Event "Graz op"]
[Site "Graz"]
[Date "2006.09.17"]
[Round "2.18"]
[White "Sachsenhofer, Michael"]
[Black "Dobay, Klaus"]
[Result "1/2-1/2"]
[WhiteElo "2140"]
[BlackElo "2004"]
[PlyCount "72"]
[EventDate "2006.09.16"]

1. e4 d5 2. exd5 Qxd5 3. Nc3 Qa5 4. g3 Nf6 5. Bg2 g6 6. Nge2 Bg7 7. d4 c6 8.
O-O O-O 9. b4 Qxb4 10. Rb1 Qd6 11. Bf4 Qd7 12. Qc1 Na6 13. Qa3 Nc7 14. Rfe1
Ncd5 15. Be5 e6 16. Na4 b5 17. Nc5 Qe7 18. Nc3 Rd8 19. Qa5 Nxc3 20. Qxc3 Nd5
21. Qa5 Bxe5 22. Rxe5 Kg7 23. a4 bxa4 24. c4 Nb6 25. Bxc6 Nxc4 26. Qc3 Nxe5 27.
dxe5 Rb8 28. Rxb8 Qc7 29. Qf3 Qxe5 30. Ne4 f5 31. Rb5 Qa1+ 32. Kg2 fxe4 33.
Qxe4 Qd4 34. Qxd4+ Rxd4 35. Ra5 Kf6 36. Rxa7 Rc4 1/2-1/2